| Tag |
First Indicator |
Second Indicator |
Subfields |
| LEADER |
00000cam a2200000 4500 |
| 001 |
in00000244346 |
| 005 |
20151010050533.0 |
| 008 |
720920s1962 nyua 00000 eng |
| 010 |
|
|
|a 62017298
|
| 035 |
|
|
|a (OCoLC)00411001
|
| 035 |
|
|
|9 ABB0261AM
|
| 040 |
|
|
|c WSU
|d TXA
|d UtOrBLW
|
| 049 |
|
|
|a TXAM
|c 1 [909057]
|c 2 [482211]
|
| 090 |
|
|
|a DS480.84
|b .T5 1962
|
| 100 |
1 |
|
|a Tinker, Hugh.
|
| 245 |
1 |
0 |
|a India and Pakistan, a political analysis.
|
| 264 |
|
1 |
|a New York :
|b Praeger,
|c [1962]
|
| 300 |
|
|
|a 228 pages
|
| 336 |
|
|
|a text
|b txt
|2 rdacontent
|
| 337 |
|
|
|a unmediated
|b n
|2 rdamedia
|
| 338 |
|
|
|a volume
|b nc
|2 rdacarrier
|
| 490 |
0 |
|
|a Books that matter
|
| 651 |
|
0 |
|a India
|x Politics and government
|y 1947-
|
| 651 |
|
0 |
|a Pakistan
|x Politics and government.
|
| 999 |
|
|
|a MARS
|
| 999 |
f |
f |
|s 16ab3d06-f652-3155-85a3-f660017ebd74
|i 1a161bb5-506d-3fdf-8775-8ee56699530d
|t 0
|
| 952 |
f |
f |
|p normal
|a Texas A&M University
|b College Station
|c Sterling C. Evans Library
|s Evans stk
|d Evans: Library Stacks
|t 0
|e DS480.84 .T5 1962
|h Library of Congress classification
|i unmediated -- volume
|m A14802050529
|
| 998 |
f |
f |
|a DS480.84 .T5 1962
|t 0
|l Evans: Library Stacks
|